L'île d'Oléron - Statistiques

Statistiques générales
  • Ce quiz a été pris 68 fois
  • Le résultat moyen est 10 sur 19
Statistiques - réponses
Question Réponse % Correct
dans que océan est-t-elle située Atlantique
98%
c'est la 2° plus grande île de la métropole, aprés la ... Corse
95%
de quel département fait elle partie (en chiffre) 17
91%
fortificaton située entre Oléron et île d'Aix( emission TV) Fort Boyard
74%
la plus grande ville Saint-Pierre
69%
on l'affine dans les "claires" huitre
64%
que récolte-t-on au Port des Salines sel
55%
phare à la pointe de l'île sur la commune de St-Denis Chassiron
50%
ville du continent la plus proche de l'île La Rochelle
50%
largeur en km 8
48%
son important port de pêche La Cotiniere
48%
la prolifération de cet animal sur l'île devient problématique chat
45%
longueur en km 30
43%
sa seconde ville est réputée pour sa citadelle Le Chateau
41%
importante station balnéaire - son petit train - sa forêt Saint-Trojan
40%
spécialité de l'île et de la région (apéritif) Pineau
38%
surnommée , la ... lumineuse
31%
un pont routier de 2862 m la relie au continent depuis ... 1966
28%
par l'auteur de "pécheur d'Islande" Pierre Loti
26%
Aucun quiz correspondant
Distribution des résultats
% des personnes avec chaque résultat
Percentile par nombre de réponses
Votre historique - résultats
Vous n’avez pas pris ce quiz